000 00766nam a2200301Ia 4500
005 20260401122213.0
008 008 250103s9999 xx 000 0 eng d
020 _a195653297
037 _aTB
040 _aEDL
040 _beng
040 _cEDL
041 _2eng
041 _aeng
084 _a891.439 SHA
084 _qEDL
100 _aSharar, Abdul Halim | Llewellyn-Jones, Rosie | Oldenburgh, Veena Talwar
_91232904
245 0 _aLucknow Omnibus
245 0 _cSharar, Abdul Halim | Llewellyn-Jones, Rosie | Oldenburgh, Veena Talwar
260 _aOxford
260 _bOxford University Press
260 _c2005
300 _a586p
942 _cTB
942 _h891.439 SHA
999 _c1845617
_d1845617